| 000 | 00478nam a22001577a 4500 | ||
|---|---|---|---|
| 003 | macl | ||
| 005 | 20190322125551.0 | ||
| 008 | 190322b xxu||||| |||| 00| 0 eng d | ||
| 040 | _cmacl | ||
| 082 | _a800 | ||
| 100 |
_aअंचल ,रामेश्वर शुक्ल _973890 |
||
| 245 | _aशिलालिपि | ||
| 260 |
_aमेरठ _bसुलभ्ा प्रकाशन _c2016 |
||
| 650 |
_aसंस्मरण _973891 |
||
| 942 |
_2ddc _cHIN |
||
| 999 |
_c59074 _d59074 |
||